Regionalismo y multilateralismo en su laberinto /

Después de un periodo de oscurecimiento, en especial la integración económica, el regionalismo ha vuelto a despertar un enorme interés tanto en el medio académico como en el nivel institucional internacional. Hay diversas explicaciones de lo anterior y este trabajo se detiene a considerarlas. El art...

Cijeli opis

Spremljeno u:
Bibliografski detalji
Glavni autor: Guerra- Borges, Alfredo
Format: Tekst
Teme:
Oznake: Dodaj oznaku
Bez oznaka, Budi prvi tko označuje ovaj zapis!

MARC

LEADER 00000 a a2200000 04500
001 42511
003
040
100 |a Guerra- Borges, Alfredo  
245 |a Regionalismo y multilateralismo en su laberinto /  |c Alfredo Guerra-Borgues  
520 |a Después de un periodo de oscurecimiento, en especial la integración económica, el regionalismo ha vuelto a despertar un enorme interés tanto en el medio académico como en el nivel institucional internacional. Hay diversas explicaciones de lo anterior y este trabajo se detiene a considerarlas. El articulo destaca la transformación profunda -normativa e institucional, que se ha conocido en los años ochenta y noventa del siglo pasado- provocada por la globalización. En este aspecto se postula una definición original que, más allá de sus múltiples expresiones, sobre todo en la economía, se centra esencialmente en el fenómeno como proceso histórico. La diseminación mundial del regionalismo ha dado lugar a un debate sobre la relación que guardan el regionalismo y el multilateralismo, cuestión que ha llegado a ser compleja y desafiante por lo que requerirá un tratamiento específico y más adelante se integrará al esbozo que ahora se ha planteado.  
650 |a INTEGRACION ECONOMICA  
650 |a REGIONALIZACION  
773 |g volumen39, número152 ( , 2008), páginas 11-28  
999 |c 32752  |d 32752